Computer organization and architecture : designing for performance

Αποθηκεύτηκε σε:
Λεπτομέρειες βιβλιογραφικής εγγραφής
Κύριος συγγραφέας: Stallings, William
Μορφή: Βιβλίο
Γλώσσα:English
Δημοσίευση: New Jersey : Prentice Hall, c1996
Έκδοση:4th ed.
Θέματα:
Ετικέτες: Προσθήκη ετικέτας
Δεν υπάρχουν, Καταχωρήστε ετικέτα πρώτοι!

MARC

LEADER 00000cam a2200000 i 4500
001 1/105353
008 000324s1996 eng d
020 |a 0-13-359985-X 
020 |a 0-13-394255-4 
035 |l 10059215 
040 |a GR-MY-UA  |b gre  |e aacr 
041 0 |a eng 
082 0 |a 004.22 
100 1 |a Stallings, William. 
245 1 0 |a Computer organization and architecture :  |b designing for performance /  |c William Stalling 
250 |a 4th ed. 
260 |a New Jersey :   |b Prentice Hall,   |c c1996 
300 |a xiv, 682 σ.;  |b εικ.;  |c 24 εκ. 
504 |a Περιέχει βιβλιογραφικές παραπομπές (σ. 655-668) και ευρετήριο 
650 0 0 |a Computer organization. 
650 0 0 |a Computer architecture. 
852 |a INST  |b CHIOS  |e 20000422  |h 004.22 STA  |p 005200018601  |q 005200018601  |t BK  |y 0 
852 |a INST  |b LESVOS  |e 20000324  |h 004.22 STA  |p 005100021709  |q 005100021709  |t BK  |y 0 
901 |a BIBL2-2000-2 
901 |a BIBL1-2000-1 
909 |a Χ  |b 074548 
909 |a Λ  |b 071725 
920 |a ΠΑΠΑΣΩΤΗΡΙΟΥ  |y ΛΕΣΒΟΣ  |z 1999-12 
970 |z 2000/04/ΜΙΧΑΗΛΙΔΟΥ ΑΝΝΑ 
970 |a ΑΙΒΑΤΖΙΔΟΥ  |b ΕΛΕΝΗ  |z 2000/03/24